<?xml version="1.0" encoding="UTF-8"?>
<record
    xmlns:xsi="http://www.w3.org/2001/XMLSchema-instance"
    xsi:schemaLocation="http://www.loc.gov/MARC21/slim http://www.loc.gov/standards/marcxml/schema/MARC21slim.xsd"
    xmlns="http://www.loc.gov/MARC21/slim">

  <leader>00649nam a22001577a 4500</leader>
  <controlfield tag="003">OSt</controlfield>
  <controlfield tag="005">20151024153108.0</controlfield>
  <controlfield tag="008">151024b        xxu||||| |||| 00| 0 eng d</controlfield>
  <datafield tag="040" ind1=" " ind2=" ">
    <subfield code="c">RUA</subfield>
  </datafield>
  <datafield tag="082" ind1=" " ind2=" ">
    <subfield code="a">AVM VA 2013 B105 Or.1</subfield>
  </datafield>
  <datafield tag="100" ind1=" " ind2=" ">
    <subfield code="9">2815</subfield>
    <subfield code="a">VA, SOPHAL.</subfield>
  </datafield>
  <datafield tag="245" ind1=" " ind2=" ">
    <subfield code="a">Survey on trev alance of diarrhea on piglet  in  prehnetpreh dist rict,  ba nteaymeanchey provinc, &#x200B;&#x200B;&#x200B;&#x200B;&#x200B;&#x1780;&#x17B6;&#x179A;&#x17A2;&#x1784;&#x17D2;&#x1780;&#x17C1;&#x178F;&#x179A;&#x17B6;&#x1780;&#x1780;&#x17BC;&#x1793;&#x1787;&#x17D2;&#x179A;&#x17BC;&#x1780; &#x1793;&#x17C5;&#x179F;&#x17D2;&#x179A;&#x17BB;&#x1780;&#x1796;&#x17D2;&#x179A;&#x17C7;&#x1793;&#x17C1;&#x178F;&#x17D2;&#x179A;&#x1796;&#x17D2;&#x179A;&#x17C7; &#x1781;&#x17C1;&#x178F;&#x17D2;&#x178F;&#x1794;&#x1793;&#x17D2;&#x1791;&#x17B6;&#x1799;&#x1798;&#x17B6;&#x1793;&#x1787;&#x17D0;&#x1799;.</subfield>
  </datafield>
  <datafield tag="260" ind1=" " ind2=" ">
    <subfield code="a">phnom phen</subfield>
    <subfield code="b">RUA</subfield>
    <subfield code="c">2013</subfield>
  </datafield>
  <datafield tag="300" ind1=" " ind2=" ">
    <subfield code="a">VII,40p.</subfield>
    <subfield code="b">ill.</subfield>
    <subfield code="c">29cm.</subfield>
  </datafield>
  <datafield tag="942" ind1=" " ind2=" ">
    <subfield code="2">ddc</subfield>
    <subfield code="c">AVM</subfield>
  </datafield>
  <datafield tag="999" ind1=" " ind2=" ">
    <subfield code="c">2635</subfield>
    <subfield code="d">2635</subfield>
  </datafield>
  <datafield tag="952" ind1=" " ind2=" ">
    <subfield code="0">0</subfield>
    <subfield code="1">0</subfield>
    <subfield code="2">ddc</subfield>
    <subfield code="4">0</subfield>
    <subfield code="6">AVM_VA_2013_000000000000000_B105_OR_1</subfield>
    <subfield code="7">0</subfield>
    <subfield code="9">12310</subfield>
    <subfield code="a">LBB</subfield>
    <subfield code="b">LBB</subfield>
    <subfield code="c">B105</subfield>
    <subfield code="d">2015-10-24</subfield>
    <subfield code="o">AVM VA 2013 B105 Or.1</subfield>
    <subfield code="p">RUA018376</subfield>
    <subfield code="r">2015-10-24</subfield>
    <subfield code="w">2015-10-24</subfield>
    <subfield code="y">AVM</subfield>
  </datafield>
  <datafield tag="952" ind1=" " ind2=" ">
    <subfield code="0">0</subfield>
    <subfield code="1">0</subfield>
    <subfield code="2">ddc</subfield>
    <subfield code="4">0</subfield>
    <subfield code="6">AVM_VA_2013_000000000000000_B105_OR_2</subfield>
    <subfield code="7">0</subfield>
    <subfield code="9">12311</subfield>
    <subfield code="a">LBB</subfield>
    <subfield code="b">LBB</subfield>
    <subfield code="c">B105</subfield>
    <subfield code="d">2015-10-24</subfield>
    <subfield code="l">1</subfield>
    <subfield code="o">AVM VA 2013 B105 Or.2</subfield>
    <subfield code="p">RUA018121</subfield>
    <subfield code="r">2017-01-11</subfield>
    <subfield code="s">2016-12-20</subfield>
    <subfield code="w">2015-10-24</subfield>
    <subfield code="y">AVM</subfield>
  </datafield>
  <datafield tag="952" ind1=" " ind2=" ">
    <subfield code="0">0</subfield>
    <subfield code="1">0</subfield>
    <subfield code="2">ddc</subfield>
    <subfield code="4">0</subfield>
    <subfield code="6">AVM_VA_2013_000000000000000_B105_OR_3</subfield>
    <subfield code="7">0</subfield>
    <subfield code="9">12312</subfield>
    <subfield code="a">LBB</subfield>
    <subfield code="b">LBB</subfield>
    <subfield code="c">B105</subfield>
    <subfield code="d">2015-10-24</subfield>
    <subfield code="l">1</subfield>
    <subfield code="o">AVM VA 2013 B105 Or.3</subfield>
    <subfield code="p">RUA018459</subfield>
    <subfield code="r">2016-07-13</subfield>
    <subfield code="s">2016-06-24</subfield>
    <subfield code="w">2015-10-24</subfield>
    <subfield code="y">AVM</subfield>
  </datafield>
  <datafield tag="952" ind1=" " ind2=" ">
    <subfield code="0">0</subfield>
    <subfield code="1">0</subfield>
    <subfield code="2">ddc</subfield>
    <subfield code="4">0</subfield>
    <subfield code="6">AVM_VA_2013_000000000000000_B105_OR_4</subfield>
    <subfield code="7">0</subfield>
    <subfield code="9">12313</subfield>
    <subfield code="a">LBB</subfield>
    <subfield code="b">LBB</subfield>
    <subfield code="c">B105</subfield>
    <subfield code="d">2015-10-24</subfield>
    <subfield code="o">AVM VA 2013 B105 Or.4</subfield>
    <subfield code="p">RUA018481</subfield>
    <subfield code="r">2015-10-24</subfield>
    <subfield code="w">2015-10-24</subfield>
    <subfield code="y">AVM</subfield>
  </datafield>
  <datafield tag="952" ind1=" " ind2=" ">
    <subfield code="0">0</subfield>
    <subfield code="1">0</subfield>
    <subfield code="2">ddc</subfield>
    <subfield code="4">0</subfield>
    <subfield code="6">AVM_VA_2013_000000000000000_B105_OR_5</subfield>
    <subfield code="7">0</subfield>
    <subfield code="9">12314</subfield>
    <subfield code="a">LBB</subfield>
    <subfield code="b">LBB</subfield>
    <subfield code="c">B105</subfield>
    <subfield code="d">2015-10-24</subfield>
    <subfield code="l">2</subfield>
    <subfield code="o">AVM VA 2013 B105 Or.5</subfield>
    <subfield code="p">RUA018409</subfield>
    <subfield code="r">2016-05-25</subfield>
    <subfield code="s">2016-05-19</subfield>
    <subfield code="w">2015-10-24</subfield>
    <subfield code="y">AVM</subfield>
  </datafield>
  <datafield tag="952" ind1=" " ind2=" ">
    <subfield code="0">0</subfield>
    <subfield code="1">0</subfield>
    <subfield code="2">ddc</subfield>
    <subfield code="4">0</subfield>
    <subfield code="6">AVM_VA_2013_000000000000000_B105_OR_6</subfield>
    <subfield code="7">0</subfield>
    <subfield code="9">12315</subfield>
    <subfield code="a">LBB</subfield>
    <subfield code="b">LBB</subfield>
    <subfield code="c">B105</subfield>
    <subfield code="d">2015-10-24</subfield>
    <subfield code="o">AVM VA 2013 B105 Or.6</subfield>
    <subfield code="p">RUA018265</subfield>
    <subfield code="r">2015-10-24</subfield>
    <subfield code="w">2015-10-24</subfield>
    <subfield code="y">AVM</subfield>
  </datafield>
  <datafield tag="952" ind1=" " ind2=" ">
    <subfield code="0">0</subfield>
    <subfield code="1">0</subfield>
    <subfield code="2">ddc</subfield>
    <subfield code="4">0</subfield>
    <subfield code="6">AVM_VA_2013_000000000000000_B105_OR_7</subfield>
    <subfield code="7">0</subfield>
    <subfield code="9">12316</subfield>
    <subfield code="a">LBB</subfield>
    <subfield code="b">LBB</subfield>
    <subfield code="c">B105</subfield>
    <subfield code="d">2015-10-24</subfield>
    <subfield code="o">AVM VA 2013 B105 Or.7</subfield>
    <subfield code="p">RUA018337</subfield>
    <subfield code="r">2015-10-24</subfield>
    <subfield code="w">2015-10-24</subfield>
    <subfield code="y">AVM</subfield>
  </datafield>
  <datafield tag="952" ind1=" " ind2=" ">
    <subfield code="0">0</subfield>
    <subfield code="1">0</subfield>
    <subfield code="2">ddc</subfield>
    <subfield code="4">0</subfield>
    <subfield code="6">AVM_VA_2013_000000000000000_B105_OR_8</subfield>
    <subfield code="7">0</subfield>
    <subfield code="9">12317</subfield>
    <subfield code="a">LBB</subfield>
    <subfield code="b">LBB</subfield>
    <subfield code="c">B105</subfield>
    <subfield code="d">2015-10-24</subfield>
    <subfield code="o">AVM VA 2013 B105 Or.8</subfield>
    <subfield code="p">RUA017594</subfield>
    <subfield code="r">2015-10-24</subfield>
    <subfield code="w">2015-10-24</subfield>
    <subfield code="y">AVM</subfield>
  </datafield>
  <datafield tag="952" ind1=" " ind2=" ">
    <subfield code="0">0</subfield>
    <subfield code="1">0</subfield>
    <subfield code="2">ddc</subfield>
    <subfield code="4">0</subfield>
    <subfield code="6">AVM_VA_2013_000000000000000_B1_238_OR_1</subfield>
    <subfield code="7">0</subfield>
    <subfield code="9">79211</subfield>
    <subfield code="a">LBB</subfield>
    <subfield code="b">LBB</subfield>
    <subfield code="c">B1.238</subfield>
    <subfield code="d">2019-06-29</subfield>
    <subfield code="o">AVM VA 2013 B1.238 Or.1</subfield>
    <subfield code="p">A35356</subfield>
    <subfield code="r">2019-06-29</subfield>
    <subfield code="w">2019-06-29</subfield>
    <subfield code="y">AVM</subfield>
  </datafield>
  <datafield tag="952" ind1=" " ind2=" ">
    <subfield code="0">0</subfield>
    <subfield code="1">0</subfield>
    <subfield code="2">ddc</subfield>
    <subfield code="4">0</subfield>
    <subfield code="6">AVM_VA_2013_000000000000000_B1_238_OR_1</subfield>
    <subfield code="7">0</subfield>
    <subfield code="9">79229</subfield>
    <subfield code="a">LBB</subfield>
    <subfield code="b">LBB</subfield>
    <subfield code="c">B1.238</subfield>
    <subfield code="d">2019-06-29</subfield>
    <subfield code="o">AVM VA 2013 B1.238 Or.1</subfield>
    <subfield code="p">A37448</subfield>
    <subfield code="r">2019-06-29</subfield>
    <subfield code="w">2019-06-29</subfield>
    <subfield code="y">AVM</subfield>
  </datafield>
</record>
